TECHNICALLY SPEAKING / (Record no. 615483)

000 -LEADER
fixed length control field 00379nam a22001337a 4500
020 ## - INTERNATIONAL STANDARD BOOK NUMBER
Qualifying information PB.
040 ## - CATALOGING SOURCE
Transcribing agency FIZZA ISHAQ
082 ## - DEWEY DECIMAL CLASSIFICATION NUMBER
Classification number 607.1073
Author Mark GRE
100 ## - MAIN ENTRY--PERSONAL NAME
Personal name YOUNG THOMAS,A.PEARSON GREG.
9 (RLIN) 132220
245 ## - TITLE STATEMENT
Title TECHNICALLY SPEAKING /
Statement of responsibility, etc. GREG PEARSON AND A.THOMAS YOUNG.
260 ## - PUBLICATION, DISTRIBUTION, ETC.
Place of publication, distribution, etc. NEW YORK;
Name of publisher, distributor, etc. NATIONAL ACADEMY P[RESS,
Date of publication, distribution, etc. 2002.
300 ## - PHYSICAL DESCRIPTION
Extent 156 P. ;
Dimensions 10X6.7IN
942 ## - ADDED ENTRY ELEMENTS (KOHA)
Source of classification or shelving scheme
Koha item type Book
Holdings
Withdrawn status Lost status Source of classification or shelving scheme Damaged status Not for loan Permanent Location Current Location Shelving location Date acquired Total Checkouts Full call number Barcode Date last seen Price effective from Koha item type
          NUST Baluchistan Campus (NBC) NUST Baluchistan Campus (NBC) General Stacks 12/10/2025   607.1073 GRE QD-881 12/10/2025 12/10/2025 Book
© 2023 Central Library, National University of Sciences and Technology. All Rights Reserved.